| 000 | 00411nam a2200157 i 4500 | ||
|---|---|---|---|
| 001 | bg | ||
| 100 | 1 | _aFEDA, Jaroslav | |
| 245 | 0 |
_aStress in subsoil and methods of final settlement calculation / _cJaroslav Feda. |
|
| 260 |
_aPrague : _bAcademia, _c1978. |
||
| 650 | 9 | _aMechanika gruntów | |
| 040 | _cBPK | ||
| 041 | _apol | ||
| 080 | _a624.131 | ||
| 942 | _cKS | ||
| 008 | s pl f |000 0 pol | ||
| 999 |
_c19409 _d19409 |
||
| 856 |
_uhttp://koha.tu.koszalin.pl/cgi-bin/koha/opac-detail.pl?biblionumber=19409 _yKatalog online BPK |
||